MARC
| LEADER | 00000nam a2200000Ia 4500 | ||
|---|---|---|---|
| 005 | 20260427112651.0 | ||
| 526 | |b FinTech | ||
| 100 | |a Chishti & Barberis | ||
| 020 | |a 9781119218876 | ||
| 650 | |a FinTech | ||
| 526 | |a Masters | ||
| 942 | |c BK | ||
| 245 | |a The FINTECH Book | ||
| 260 | |b Wiley | ||
| 999 | |c 35 |d 35 | ||
| 952 | |0 0 |1 0 |4 0 |7 0 |8 3 |a BRISTOL |b BRISTOL |d 2026-04-22 |l 0 |p 000079 |r 2026-04-27 11:26:51 |w 2026-04-27 |y BK | ||